[Event "Cup Belarus"]
[Site "Minsk BLR"]
[Date "2005.05.28"]
[Round "11"]
[White "Meshkov,Y"]
[Black "Sergeev,A KAZ"]
[Result "0-1"]
[WhiteElo "2385"]
[BlackElo "2346"]

1.c4 c6 2.e4 d5 3.exd5 cxd5 4.cxd5 Nf6 5.Nc3 Nxd5 6.Bc4 Nb6 7.Bb3 Nc6 8.Nf3 Bf5
9.d4 e6 10.O-O Be7 11.Be3 O-O 12.a3 Bf6 13.h3 Na5 14.Ba2 Nac4 15.Qe2 Rc8
16.Rac1 Bg6 17.Rfd1 a6 18.Bf4 Re8 19.Ne5 Nd5 20.Nxg6 hxg6 21.Be5 Nxc3 22.Rxc3 Nb6
23.Bxf6 gxf6 24.Qf3 Qe7 25.Re3 Red8 26.d5 e5 27.d6 Rxd6 28.Rxd6 Qxd6 29.Qxb7 Rc1+
30.Kh2 Nd7 31.Qb3 e4+ 32.Rg3 Ne5 33.Qd5 Qxd5 34.Bxd5 f5 35.Rb3 Rd1 36.Rb8+ Kg7
37.Bb7 Rd2 38.Bxa6 Rxf2 39.Kg1 e3 40.a4 f4 41.Rb3 Rd2 42.Kf1 Nc6 43.h4 Rd1+
44.Ke2 Rg1  0-1

[Event "Dueball mem"]
[Site "Solingen GER"]
[Date "2005.05.29"]
[Round "9"]
[White "Auer,M"]
[Black "Pilaj,H"]
[Result "1/2-1/2"]
[WhiteElo "2338"]
[BlackElo "2426"]

1.c4 c6 2.g3 d5 3.Bg2 Nf6 4.Nf3 Bg4 5.Ne5 Be6 6.cxd5 Bxd5 7.Nf3 c5 8.Nc3 Bc6
9.O-O Nbd7 10.d4 e6 11.Be3 a6 12.dxc5 Bxc5 13.Bxc5  1/2-1/2

[Event "TCh-ROM A"]
[Site "Tusnad ROM"]
[Date "2005.05.29"]
[Round "9"]
[White "Ionescu,Co"]
[Black "Mateuta,G"]
[Result "1/2-1/2"]
[WhiteElo "2452"]
[BlackElo "2478"]

1.c4 c6 2.e4 d5 3.exd5 Nf6 4.Nc3 cxd5 5.d4 Nc6 6.Nf3 Bg4 7.cxd5 Nxd5 8.Qb3 Bxf3
9.gxf3 e6 10.Qxb7 Nxd4 11.Bb5+ Nxb5 12.Qc6+ Ke7 13.Qxb5 Qd7 14.Nxd5+ Qxd5
15.Bg5+ f6 16.Qxd5 exd5 17.Be3 Ke6 18.O-O-O Bb4 19.Rd3 Rhd8 20.a3 Rac8+ 21.Kb1 Bc5
22.Re1 Kf7 23.Red1 Ke6 24.Re1 Kf7  1/2-1/2

[Event "14th CRO-Cup"]
[Site "Sibenik CRO"]
[Date "2005.06.02"]
[Round "5"]
[White "Jovanic,O"]
[Black "Macek,V"]
[Result "1-0"]
[WhiteElo "2435"]
[BlackElo "2214"]

1.c4 c6 2.e4 e5 3.Nf3 d6 4.d4 Qc7 5.Nc3 Nf6 6.Be2 Be7 7.O-O O-O 8.Re1 Re8
9.Rb1 Nbd7 10.Bf1 Bf8 11.b4 b6 12.Qb3 h6 13.h3 Bb7 14.d5 c5 15.a3 Ba6 16.Be3 Red8
17.Nd2 Qc8 18.Rec1 Be7 19.g3 Ne8 20.Qd1 Nc7 21.h4 Nf8 22.Kh2 Qd7 23.Bh3 Qe8
24.bxc5 bxc5 25.Rb3 Nd7 26.a4 Rdb8 27.Nb5 Qd8 28.Bxh6 Nf6 29.Bg5 Bc8 30.Bxc8 Rxc8
31.Nxc7 Qxc7 32.Rcb1 Rcb8 33.Bxf6 Bxf6 34.Kg2 Bd8 35.Nf1 a5 36.Rb5 Rxb5 37.Rxb5 Qe7
38.Ne3 Ra7 39.Qg4 Qd7 40.Qf5 g6 41.Qxd7 Rxd7 42.Rb8 Kg7 43.Kf3 Kf6 44.Kg4 Be7
45.h5 Rd8 46.Rxd8 Bxd8 47.f4 exf4 48.gxf4 Be7 49.Nd1 Kg7 50.hxg6 Kxg6 51.Ne3 Kf6
52.Nf5 Bf8 53.Kh5  1-0

[Event "TCh-BIH Prem"]
[Site "Neum BIH"]
[Date "2005.06.07"]
[Round "4"]
[White "Goric,E"]
[Black "Avdic,A"]
[Result "1-0"]
[WhiteElo "2381"]
[BlackElo "2304"]

1.c4 c6 2.g3 d5 3.Bg2 Nf6 4.Qc2 Bg4 5.Nf3 e6 6.O-O Nbd7 7.d3 Bd6 8.Nbd2 O-O
9.Rb1 a5 10.b3 Qe7 11.e4 dxe4 12.dxe4 e5 13.h3 Bh5 14.Nh4 Ba3 15.Nf5 Qb4
16.Bb2 Bxb2 17.Qxb2 Rfd8 18.a3 Qf8 19.b4 axb4 20.axb4 Ne8 21.c5 Be2 22.Rfe1 Bd3
23.Rbd1 g6 24.Ne3 Qe7 25.Nb3 Bb5 26.Nd2 b6 27.cxb6 Nxb6 28.Ng4 Rd4 29.Nf3 Rxd1
30.Rxd1 f6 31.Bf1 Ra4 32.Qb3+ Kg7 33.Qe3 Nd7 34.Bxb5 cxb5 35.Qd3 Nf8 36.Qxb5 Rxb4
37.Qc6 Rb7 38.Ne3 Rd7 39.Nd5 Qe6 40.Rc1 Nd6 41.Nb6 Rf7 42.Re1 Ra7 43.Kg2 Nf7
44.Qc5 Qd6 45.Qe3 Rb7 46.Nd5 Ne6 47.Rc1 Qd7 48.h4 Rb5 49.Ra1 Rc5 50.Ra8 Nd6
51.Rg8+ Kf7 52.Rh8 Nxe4 53.Rxh7+ Ng7 54.Qh6 Qxd5 55.Qxg7+ Ke6 56.g4 Qd8 57.Qxg6 Nd6
58.Ng5+ Kd5 59.Qd3+ Kc6 60.Ne4 Rd5 61.Qa6+ Qb6 62.Qxb6+ Kxb6 63.Rd7  1-0

[Event "TCh-IRI"]
[Site "Tehran IRI"]
[Date "2005.06.09"]
[Round "4"]
[White "Daneshpour,SH"]
[Black "Khaghani,M"]
[Result "1/2-1/2"]
[WhiteElo "2161"]
[BlackElo "2311"]

1.c4 c6 2.Nf3 d5 3.b3 Nf6 4.g3 Bg4 5.Bg2 Nbd7 6.Bb2 e6 7.O-O Bd6 8.d3 O-O
9.Nbd2 Qe7 10.h3 Bh5 11.Qc2 Ba3 12.Rab1 Bxb2 13.Qxb2 a5 14.a3 e5 15.cxd5 cxd5
16.Kh2 Rad8 17.Rbc1 Rfe8 18.Rfe1 Qd6 19.b4 Qb6 20.e3 e4 21.dxe4 Bxf3 22.Nxf3 dxe4
23.Nd2 axb4 24.axb4 Qe6 25.Qb3 Qf5 26.Nc4 Qxf2 27.Rf1 Qe2 28.Nd6 Re6 29.Nxb7 Rb8
30.Nc5 Nxc5 31.Rxc5 Qd2 32.b5 h5 33.Rd1 Qf2 34.Rf1 Qe2 35.Rc2 Qd3  1/2-1/2

[Event "TCh-IRI"]
[Site "Tehran IRI"]
[Date "2005.06.10"]
[Round "5"]
[White "Mallahi,A"]
[Black "Mooses,G"]
[Result "1-0"]
[WhiteElo "2419"]
[BlackElo "2210"]

1.c4 c6 2.e4 d5 3.exd5 cxd5 4.d4 Nf6 5.Nc3 e6 6.Nf3 Nc6 7.c5 Be7 8.Bb5 Bd7
9.O-O O-O 10.Re1 a6 11.Bf1 b6 12.Na4 bxc5 13.Nxc5 Qb6 14.Bg5 Bxc5 15.dxc5 Qxc5
16.Bxf6 gxf6 17.Qd2 Ne7 18.Qh6 Ng6 19.h4 Rfc8 20.h5 Qf8 21.Qd2 Ne7 22.Qf4 Nf5
23.g4 Qh6 24.Qh2 Ng7 25.Qd6 Bb5 26.Bg2 Ne8 27.Qg3 Ng7 28.Nd4 Qd2 29.Rad1 Qxb2
30.h6 Ne8 31.g5 Rc3 32.Qf4 f5 33.Qe5 Rc4 34.Re3 Rac8 35.g6 Rc3 36.gxf7+ Kxf7
37.Qxe6+  1-0

[Event "Open"]
[Site "Voronezh RUS"]
[Date "2005.06.13"]
[Round "2"]
[White "Provotorov,I"]
[Black "Burmakin,V"]
[Result "0-1"]
[WhiteElo "2339"]
[BlackElo "2552"]

1.c4 c6 2.e4 d5 3.cxd5 cxd5 4.exd5 Nf6 5.Nc3 Nxd5 6.Nf3 Nxc3 7.bxc3 g6 8.d4 Qc7
9.Bb5+ Bd7 10.Bxd7+ Nxd7 11.O-O Bg7 12.Re1 Nb6 13.Ba3 Bf6 14.Ne5 Qxc3 15.Re3 Qa5
16.Bc5 O-O 17.Ra3 Qb5 18.Rb1 Qe8 19.Ng4 Bg7 20.Qe2 Qd7 21.Rab3 Rfc8 22.Bxb6 axb6
23.Rxb6 Rc7 24.R6b4 Ra4 25.g3 Rxb4 26.Rxb4 Bxd4 27.Qe4 Bc3 28.Rc4 f5  0-1

[Event "III Open"]
[Site "Bajada de la Virgen ESP"]
[Date "2005.06.16"]
[Round "5"]
[White "Damljanovic,B"]
[Black "Peralta,Fe"]
[Result "1-0"]
[WhiteElo "2588"]
[BlackElo "2556"]

1.c4 c6 2.e4 d5 3.exd5 cxd5 4.cxd5 Nf6 5.Nc3 Nxd5 6.Nf3 Nxc3 7.bxc3 g6 8.h4 h6
9.d4 Qa5 10.Bd2 Bg7 11.Bc4 O-O 12.Rb1 Qc7 13.Bb3 Bg4 14.Qc1 Bxf3 15.gxf3 h5
16.Rg1 e6 17.f4 Nc6 18.f5 Qh2 19.Ke2 exf5 20.Rxg6 Rfe8+ 21.Be3 Kh7 22.Rg5 f4
23.Qc2+ Kh8 24.Rxh5+ Kg8 25.Qh7+ Kf8 26.Qf5  1-0

[Event "Open"]
[Site "Mielo POL"]
[Date "2005.06.16"]
[Round "7"]
[White "Szymczak,Z"]
[Black "Bugalski,M"]
[Result "1/2-1/2"]
[WhiteElo "2315"]
[BlackElo "2204"]

1.c4 c6 2.e4 d5 3.exd5 cxd5 4.d4 Nf6 5.Nc3 Nc6 6.Bg5 dxc4 7.d5 Ne5 8.Qd4 Nd3+
9.Bxd3 cxd3 10.Nf3 h6 11.Bh4 e6 12.O-O Be7 13.Rad1 O-O 14.Rxd3 exd5  1/2-1/2

[Event "19th Open Pula"]
[Site "Pula CRO"]
[Date "2005.06.21"]
[Round "3"]
[White "Preiss,M"]
[Black "Dizdarevic,E"]
[Result "0-1"]
[WhiteElo "2309"]
[BlackElo "2521"]

1.c4 c6 2.Nf3 d5 3.g3 g6 4.Bg2 Bg7 5.cxd5 cxd5 6.d4 Nc6 7.Nc3 e6 8.O-O Nge7
9.b3 O-O 10.Bb2 b6 11.Qd2 Ba6 12.Rfc1 Rc8 13.e3 Nf5 14.Ba3 Re8 15.Bf1 Bxf1
16.Kxf1 e5 17.Ne2 exd4 18.Nfxd4 Nfxd4 19.exd4 Qf6 20.Bb2 Qf5 21.Ng1 Qh5 22.h4 Bh6
23.f4 Qg4 24.Kf2 Re4 25.Nf3 Bxf4 26.gxf4 Rxf4 27.Rc3 Qxh4+ 28.Ke2 Qf6 29.Rac1 Re8+
30.Kf2 Qh4+  0-1

[Event "Open"]
[Site "Voronezh RUS"]
[Date "2005.06.21"]
[Round "9"]
[White "Chuprikov,D"]
[Black "Skorchenko,D"]
[Result "1/2-1/2"]
[WhiteElo "2416"]
[BlackElo "2476"]

1.c4 c6 2.Nf3 d5 3.e3 Nf6 4.Nc3 g6 5.d4 Bg7 6.Be2 O-O 7.O-O a6 8.h3 dxc4
9.a4 c5 10.Bxc4 Nbd7 11.d5 Nb6 12.Ba2 Bf5 13.Nh4 Ne4 14.Nxf5 gxf5 15.Nxe4 fxe4
16.Qc2 Nxd5 17.Qxe4 e6 18.Bb1 Nf6 19.Qxb7 Nd5 20.Qb3 Nb4 21.Be4 Rb8 22.Qc4 Qd6
23.Rb1 f5 24.Bf3 Qd3 25.Qxe6+ Kh8 26.Ra1 Rfe8 27.Qf7 Rf8 28.Qe6 Rfe8 29.Qf7 Rf8
30.Qe6  1/2-1/2

[Event "6th Kurass Memorial"]
[Site "Kiev UKR"]
[Date "2005.06.22"]
[Round "2"]
[White "Lebed,P"]
[Black "Nogin,N"]
[Result "0-1"]
[WhiteElo "2088"]
[BlackElo "2321"]

1.c4 c6 2.d4 d5 3.e3 Nf6 4.Nc3 a6 5.Nf3 b5 6.b3 Bg4 7.h3 Bh5 8.g4 Bg6 9.Ne5 e6
10.Bd2 Nfd7 11.Nxg6 hxg6 12.cxd5 cxd5 13.Bg2 Nc6 14.O-O Rc8 15.Ne2 Bd6 16.Rc1 O-O
17.e4 dxe4 18.Bxe4 Ne7 19.Rxc8 Qxc8 20.Nf4 Nf6 21.Bg2 Qb8 22.Nd3 Rd8 23.Qe2 Bh2+
24.Kh1 Rxd4 25.Bc3 Rd8 26.f4 Bg3 27.Rf3 Bh4 28.Be5 Qb6 29.Qb2 Nc6 30.Bc3 b4
31.Bd2 Ne4 32.Be3 Qb5 33.Nf2 Bxf2 34.Bxf2 Rd2 35.Qc1 Nxf2+ 36.Kh2 Qe2 37.Qxc6 Nxg4+
38.Kg3 Qe1+  0-1

[Event "Open"]
[Site "Salsomaggiore ITA"]
[Date "2005.06.22"]
[Round "5"]
[White "Molina,Fa"]
[Black "Luciani,V"]
[Result "1/2-1/2"]
[WhiteElo "2257"]
[BlackElo "2241"]

1.c4 c6 2.g3 d5 3.Bg2 Nf6 4.Nf3 dxc4 5.a4 Bf5 6.Na3 e6 7.Nxc4 Nbd7 8.O-O Be7
9.a5 O-O 10.d4 b5 11.axb6 Nxb6 12.Na5 Be4 13.Ne5 Bxg2 14.Kxg2 c5  1/2-1/2

[Event "White Nights"]
[Site "St Petersburg RUS"]
[Date "2005.06.24"]
[Round "7"]
[White "Poleshchuk,A"]
[Black "Kotov,D"]
[Result "1/2-1/2"]
[WhiteElo "2041"]
[BlackElo "2179"]

1.c4 c6 2.e3 d5 3.f4 e5 4.fxe5 dxc4 5.Nf3 Bg4 6.Be2 Nd7 7.O-O Bxf3 8.Bxf3 Nxe5
9.b3 cxb3 10.Qxb3 Qb6 11.Qc2 Qc5 12.Nc3 Nxf3+ 13.Rxf3 Nf6  1/2-1/2

[Event "Torch Real Estate Cup"]
[Site "Xiapu CHN"]
[Date "2005.06.24"]
[Round "17"]
[White "Zhukova,N"]
[Black "Ruan Lufei"]
[Result "1/2-1/2"]
[WhiteElo "2479"]
[BlackElo "2366"]

1.c4 c6 2.d4 d5 3.cxd5 cxd5 4.Nc3 Nf6 5.Bf4 a6 6.e3 Nc6 7.Nf3 Bg4 8.Bd3 e6
9.h3 Bxf3 10.Qxf3 Bd6 11.Bg5 h6 12.Bxf6 Qxf6 13.Qxf6 gxf6 14.g3 Rc8 15.Ke2 Ke7
16.Rhc1 f5  1/2-1/2

[Event "White Nights"]
[Site "St Petersburg RUS"]
[Date "2005.06.25"]
[Round "8"]
[White "Gavrilov,O"]
[Black "Donets,V"]
[Result "1/2-1/2"]
[WhiteElo "2314"]
[BlackElo "2199"]

1.c4 c6 2.d4 d5 3.cxd5 cxd5 4.Nc3 Nf6 5.Bf4 Nc6 6.e3 a6 7.Bd3 Bg4 8.Nf3 e6
9.h3 Bxf3 10.Qxf3 h6 11.O-O Bd6 12.Rac1 O-O 13.Rfd1 Bxf4 14.Qxf4 Rc8 15.Na4 Qa5
16.Nc5  1/2-1/2

[Event "Torch Real Estate Cup"]
[Site "Xiapu CHN"]
[Date "2005.06.25"]
[Round "18"]
[White "Bu Xiangzhi"]
[Black "Yu Lie"]
[Result "1/2-1/2"]
[WhiteElo "2630"]
[BlackElo "2328"]

1.c4 c6 2.d4 d5 3.Nf3 Nf6 4.Nc3 e6 5.Bg5 Nbd7 6.cxd5 exd5 7.e3 Be7 8.Qc2 Nf8
9.Bd3 Ne6 10.Bxf6 Bxf6 11.O-O h6 12.b4 a6 13.a4 O-O 14.Rfd1 Bd7 15.Rab1 Qc7
16.Bh7+ Kh8 17.Bf5 Qc8 18.b5 axb5 19.axb5 g6 20.Bd3 Qc7 21.Rdc1 Rfc8 22.h3 Ra3
23.Bf1 Qa5 24.Qb2 Nc7 25.bxc6 bxc6 26.Qb6 Kg7 27.Qxa5 Rxa5 28.Rb7 Be6 29.Nd2 Raa8
30.Ne2 Bd7 31.Nc3 Rab8 32.Rcb1 Rxb7 33.Rxb7 Be8  1/2-1/2

[Event "Torch Real Estate Cup"]
[Site "Xiapu CHN"]
[Date "2005.06.26"]
[Round "19"]
[White "Li Wenliang"]
[Black "Li Bo"]
[Result "1/2-1/2"]
[WhiteElo "2422"]
[BlackElo "2319"]

1.c4 c6 2.e4 d5 3.exd5 Nf6 4.Nc3 cxd5 5.cxd5 Nxd5 6.Nf3 Nc6 7.Bb5 Nxc3 8.bxc3 Qd5
9.Qe2 Bg4 10.Bc4 Qf5 11.Bd3 Bxf3 12.Bxf5 Bxe2 13.Kxe2 g6 14.Be4 Rc8 15.Rb1 b6
16.d3 Bg7 17.Bd2 e6 18.Rhc1 f5 19.Bf3 Ne5 20.Bb7 Rc7 21.Ba6 Kf7 22.Bf4 Rc5
23.a4 Ra5 24.Bb5 a6 25.Bxe5 Bxe5 26.Bc6 Rb8 27.d4 Bd6 28.Rc2 e5 29.Rcb2 Bc7
30.Rb4 Ke7 31.Rc4 Kd6 32.Kf1 e4 33.g3 b5 34.axb5 axb5 35.Rc5 b4 36.Rxa5 Bxa5
37.Ba4 Rc8 38.cxb4 Bb6 39.Ke2 Bxd4 40.b5 Bb6 41.f3 Rc4 42.Bb3 Rc3 43.fxe4 Re3+
44.Kf1 Rf3+ 45.Ke1 fxe4 46.Rd1+ Kc5 47.Bg8 Kxb5 48.Bxh7 e3 49.Rb1+ Kc6 50.Rxb6+ Kxb6
51.Ke2 Rf7 52.Bxg6 Re7 53.h4 Kc5 54.h5 Kd4 55.h6 Rb7 56.h7 Rb2+ 57.Ke1 Rh2
58.g4 Rh6 59.Ke2 Rh2+ 60.Ke1  1/2-1/2

[Event "6th Kurass Memorial"]
[Site "Kiev UKR"]
[Date "2005.06.28"]
[Round "8"]
[White "Kosikov,An"]
[Black "Chernozem,S"]
[Result "1/2-1/2"]
[WhiteElo "2158"]
[BlackElo "2076"]

1.c4 c6 2.d4 d5 3.Nf3 Nf6 4.e3 e6 5.Nbd2 Nbd7 6.Bd3 Be7 7.O-O O-O 8.e4 dxe4
9.Nxe4 Nxe4 10.Bxe4 Nf6 11.Bc2 b6 12.Qd3 g6 13.Bd2 Bb7 14.Bc3 Nd7 15.Rad1 Bf6
16.Rfe1 Bg7 17.Ne5 Qc7 18.Qg3 Rac8 19.h4 Nf6 20.b4 c5 21.dxc5 bxc5 22.b5 Nh5
23.Qe3 Rfd8 24.Ng4 Qf4 25.Qxf4 Nxf4 26.Bxg7 Kxg7 27.f3 f6 28.Kf1 e5 29.Ne3 Rd4
30.Bb3 Rcd8 31.Rxd4 cxd4  1/2-1/2

[Event "ch-BEL"]
[Site "Aalst BEL"]
[Date "2005.07.02"]
[Round "1"]
[White "Barbier,W"]
[Black "Saiboulatov,D"]
[Result "0-1"]
[WhiteElo "2251"]
[BlackElo "2401"]

1.c4 c6 2.g3 d5 3.Bg2 Nf6 4.Nf3 Bg4 5.Ne5 Be6 6.cxd5 Bxd5 7.f3 Nbd7 8.Nxd7 Qxd7
9.O-O h5 10.h4 Qc7 11.Kf2 e5 12.Qc2 e4 13.d4 e3+ 14.Bxe3 Bd6 15.Kg1 Bxg3
16.Bf2 Bxf2+ 17.Rxf2 Qf4 18.e4 Be6 19.Nc3 Qxh4 20.d5 Bd7 21.dxc6 Bxc6 22.e5 Nd7
23.e6 fxe6 24.Qg6+ Kf8 25.Qxe6 Rh6 26.Qe3 Re8 27.Ne4 Kg8 28.Rd1 Ne5 29.Qb3+ Kh7
30.Nd6 Rf8 31.Qc2+ Rg6 32.f4 Rxf4 33.Rdf1 Bxg2 34.Rxg2 Rxf1+ 35.Kxf1 Qh1+  0-1

[Event "ch-BEL"]
[Site "Aalst BEL"]
[Date "2005.07.02"]
[Round "1"]
[White "Cekro,E"]
[Black "Draftian,A"]
[Result "1-0"]
[WhiteElo "2410"]
[BlackElo "2206"]

1.c4 c6 2.Nc3 d5 3.e3 e6 4.Nf3 f5 5.d4 Nf6 6.Ne5 Nbd7 7.f4 Bb4 8.Bd3 Nxe5
9.fxe5 Ne4 10.Bxe4 Bxc3+ 11.bxc3 Qh4+ 12.g3 Qxe4 13.O-O dxc4 14.Qh5+ g6 15.Qg5 O-O
16.Ba3 c5 17.Qf4 Qc6 18.Bxc5 Rf7 19.Bd6 Bd7 20.Rab1 Qa6 21.e4 b5 22.Rf2 Qb7
23.Rbf1 Re8 24.g4 g5 25.Qf3 f4 26.Rd1 h5 27.gxh5 g4 28.Rg2 Rg7 29.Rxg4 Bc6
30.d5 exd5 31.exd5 Qd7 32.Rxg7+ Qxg7+ 33.Kf2 Kh8 34.dxc6  1-0

[Event "DS"]
[Site "Brno CZE"]
[Date "2005.07.04"]
[Round "5"]
[White "Splosnov,S"]
[Black "Medunova,V"]
[Result "1-0"]
[WhiteElo "2369"]
[BlackElo "2209"]

1.c4 c6 2.Nf3 d5 3.e3 Nf6 4.d4 e6 5.Nbd2 a6 6.Bd3 dxc4 7.Nxc4 c5 8.Nce5 h6
9.O-O Nbd7 10.a3 Bd6 11.Nxd7 Nxd7 12.Bb1 b5 13.dxc5 Bxc5 14.b4 Be7 15.Be4 Rb8
16.Bb2 Bf6 17.Bxf6 Nxf6 18.Qxd8+ Kxd8 19.Ne5 Nxe4 20.Nxf7+ Ke7 21.Nxh8 Kf6
22.Rfd1 Bb7 23.Rd7 Bd5 24.Rf7+ Ke5 25.Ng6+ Kd6 26.f3 Nc3 27.e4 Bc4 28.Ra7 Kc6
29.Ne5+ Kb6 30.Rxg7 Rd8 31.Rd7 Rg8 32.Kf2  1-0

[Event "34th TCh-GRE"]
[Site "Ermioni Argolidas GRE"]
[Date "2005.07.07"]
[Round "4"]
[White "Papaioannou,I"]
[Black "Mastrovasilis,D"]
[Result "1/2-1/2"]
[WhiteElo "2578"]
[BlackElo "2563"]

1.c4 c6 2.e4 d5 3.exd5 Nf6 4.Nf3 cxd5 5.cxd5 Nxd5 6.Nc3 Nxc3 7.bxc3 g6 8.d4 Bg7
9.Bd3 O-O 10.O-O Nc6 11.Re1 Bg4 12.Rb1 e5  1/2-1/2

[Event "20th North Sea Cup"]
[Site "Esbjerg DEN"]
[Date "2005.07.07"]
[Round "7"]
[White "Kveinys,A"]
[Black "Matthiesen,A"]
[Result "1-0"]
[WhiteElo "2510"]
[BlackElo "2356"]

1.c4 c6 2.Nf3 d5 3.e3 Nf6 4.d4 e6 5.Nbd2 Nbd7 6.Bd3 Bd6 7.O-O O-O 8.e4 e5
9.cxd5 cxd5 10.exd5 exd4 11.Nc4 Nb6 12.Nxd6 Qxd6 13.Be2 Bg4 14.Qxd4 Qxd5
15.Be3 Rfe8 16.Rfe1 Re4 17.Qxd5 Nbxd5 18.Bd2 Nb4 19.Bd1 Nd3 20.Rxe4 Nxe4
21.Be3 Nxb2 22.Bb3 Be6 23.Bxe6 fxe6 24.Rc1 Nd6 25.Rc7 Rc8 26.Rd7 Nbc4 27.h3 Nxe3
28.fxe3 Rc1+ 29.Kh2 Ne4 30.Rxb7 Rc3 31.Rxa7 Rxe3 32.Ra8+ Kf7 33.Ne5+ Ke7
34.Ra7+ Kf8 35.a4 Nc5 36.Nc4 Re4 37.Nb6 Rb4 38.a5 Rb5 39.Nc4 Rb4 40.Nd6 h6
41.Rf7+ Kg8 42.Rc7 Ne4 43.Rc8+ Kh7 44.Rc4 Rxc4 45.Nxc4 Nc5 46.Ne5 g6 47.Nd3 Na6
48.Kg3 Kg7 49.Kf4 Kf6 50.Ke4 h5 51.Kd4 Kf5 52.Ke3 e5 53.g3 e4 54.Nf2 Nc5
55.Nd1 g5 56.Nc3 Ke5 57.g4 hxg4 58.hxg4 Na6 59.Nxe4 Nb4 60.Nxg5 Nd5+ 61.Kf3 Kd4
62.a6 Kc5 63.a7 Nb6 64.Nf7 Kc6 65.g5 Kb7 66.g6 Nd5 67.g7 Nf6 68.Ne5 Kxa7
69.Ng4 Ng8 70.Ke4 Kb7 71.Kd5 Kc8 72.Ke6 Kd8 73.Kf7 Ne7 74.Nf6  1-0

[Event "34th TCh-GRE"]
[Site "Ermioni Argolidas GRE"]
[Date "2005.07.08"]
[Round "5"]
[White "Tsarouhas,K"]
[Black "Dimitrov,A"]
[Result "1/2-1/2"]
[WhiteElo "2290"]
[BlackElo "2298"]

1.c4 c6 2.Nf3 d5 3.cxd5 cxd5 4.d4 Nf6 5.Nc3 Nc6 6.Bf4 a6 7.e3 e6 8.Bd3 Be7
9.O-O O-O 10.h3 Bd7 11.Ne5 Na5 12.g4 Be8 13.Rc1 b5 14.Bb1 Kh8 15.Ne2 Nc4
16.b3 Nd6 17.f3 Qb6 18.Ng3 b4 19.g5 Ng8 20.Qc2 g6 21.Qd2 f6 22.gxf6 Nxf6
23.Bd3 Nb5 24.Ne2 a5 25.Rc2 Na3 26.Rcc1 Nb5 27.Rc2 Na3 28.Rcc1 Nb5  1/2-1/2

[Event "Open"]
[Site "Condom FRA"]
[Date "2005.07.09"]
[Round "1"]
[White "Bogdan,D"]
[Black "Lacroix,R"]
[Result "1-0"]
[WhiteElo "2455"]
[BlackElo "2098"]

1.c4 c6 2.b3 d5 3.Bb2 Nf6 4.g3 g6 5.Bg2 Bg7 6.Nf3 O-O 7.O-O dxc4 8.bxc4 b6
9.Qc2 Bb7 10.Ne5 Qc7 11.c5 Nbd7 12.Nxd7 Qxd7 13.d3 Rfd8 14.Nd2 Qf5 15.Rab1 Rab8
16.Nf3 bxc5 17.Be5 Rd6 18.Rb3 Nd7 19.Bxg7 Kxg7 20.Qb2+ Qf6 21.d4  1-0

[Event "20th North Sea Cup"]
[Site "Esbjerg DEN"]
[Date "2005.07.09"]
[Round "9"]
[White "Desevac,D"]
[Black "Hoiberg,E"]
[Result "0-1"]
[WhiteElo "1802"]
[BlackElo "2131"]

1.c4 c6 2.Nc3 Nf6 3.d4 d6 4.e4 Nbd7 5.f4 e5 6.fxe5 dxe5 7.dxe5 Nxe5 8.Qxd8+ Kxd8
9.Bf4 Ned7 10.e5 Nh5 11.Bg5+ Be7 12.Bxe7+ Kxe7 13.Nf3 Re8 14.O-O-O Kf8 15.Ne4 Nxe5
16.Nd6 Re7 17.Nxe5 Rxe5 18.Bd3 Nf4 19.Be4 Be6 20.b3 Rd8 21.Bf3 Rd7 22.Rhf1 Ng6
23.Rd2 Nh4 24.Bd1 Ke7 25.Nc8+ Kd8 26.Nd6 Ke7 27.Nc8+ Kf8 28.Nd6 Nxg2 29.Nxf7 Rxf7
30.Rxf7+ Kxf7 31.Rxg2 Bf5 32.Bf3 Kf6 33.Rd2 Re1+ 34.Kb2 Re3 35.Bg2 g5 36.Ka3 g4
37.Kb4 h5 38.Kc5 Ke5 39.Rd8 Re2 40.Re8+ Be6 41.Bf1 Rxh2 42.Bd3 g3  0-1

[Event "VISUS Open"]
[Site "Prague CZE"]
[Date "2005.07.09"]
[Round "8"]
[White "Hausner,I"]
[Black "Meduna,E"]
[Result "1/2-1/2"]
[WhiteElo "2432"]
[BlackElo "2453"]

1.c4 c6 2.e4 d5 3.exd5 cxd5 4.d4 Nf6 5.Nc3 e6 6.cxd5 exd5 7.Bg5 Be7 8.Bb5+ Nc6
9.Nf3 O-O 10.Bxc6 bxc6 11.Ne5 Ba6 12.Nxc6 Qe8 13.Nxe7+ Qxe7+ 14.Be3 Rab8
15.Qd2 Ne4 16.Nxe4 dxe4 17.Rc1 Rfc8 18.Rc5 h6 19.h4 Rxc5 20.dxc5 Rd8 21.Qc2 Qe6
22.Rh3 Qxa2 23.Rg3 Qa5+ 24.Qc3 Qa1+ 25.Bc1 f6 26.f4 Kh8 27.Re3 Qa4 28.Kf2 Qd7
29.Rxe4 Qg4 30.Qg3 Qf5 31.Qe3 Rd1 32.Re8+ Kh7 33.Bd2 Rf1+ 34.Kg3 Bb5 35.Qe4 Qxe4
36.Rxe4 Rg1 37.Re6 Rd1 38.Bc3 Rd7 39.Ba5 Bc4 40.Re4 Bb5 41.Re6 Rd5 42.Bc3 Rxc5
43.Re7 Kg6 44.Rxa7 Rd5 45.Kf2 h5 46.Rc7 Bd7 47.Ke3 Kf5 48.b4 Kg4 49.Be1 g6
50.Rc5 Rxc5 51.bxc5 Bc6 52.g3 Kf5  1/2-1/2

[Event "2nd Sanjin Hotel Cup"]
[Site "Tiayuan CHN"]
[Date "2005.07.09"]
[Round "1"]
[White "Bu Xiangzhi"]
[Black "Wang Yue"]
[Result "1/2-1/2"]
[WhiteElo "2632"]
[BlackElo "2576"]

1.c4 c6 2.d4 d5 3.Nf3 Nf6 4.Nc3 dxc4 5.a4 Bf5 6.Ne5 Nbd7 7.Nxc4 Nb6 8.Ne5 a5
9.g3 e6 10.Bg2 Bb4 11.O-O O-O 12.e3 h6 13.Qe2 Bh7 14.Rd1 Nfd7 15.Nxd7 Nxd7
16.e4 Qe7 17.Be3 Rfd8 18.Rac1 Rac8 19.d5 Bc5 20.Bh3 Bxe3 21.Qxe3 Nf8 22.Rd2 Rb8
23.Qd4 exd5 24.exd5 Qb4 25.Rcd1 Qxd4 26.Rxd4 cxd5 27.Nxd5 Re8 28.Nb6 Re2
29.R4d2 Rbe8 30.Kf1 Rxd2 31.Rxd2 g5 32.Nc4 Ne6 33.Nd6 Re7 34.Bxe6 fxe6 35.Ke2 Rc7
36.Ke3 Kf8 37.Nb5 Rc4 38.Rd4 Rc2 39.Rd8+ Ke7 40.Rb8 Kf6 41.Rxb7 Bf5 42.Nd6 Bg6
43.Rb5 Rc6 44.Nb7 Rc4 45.Nc5 Rc2 46.Nd7+ Ke7 47.Ne5 Be8 48.Rb7+ Kd6 49.Nf3 Bxa4
50.Nd4 Rc1 51.Rb6+ Kd5 52.Ne2 Re1 53.Kd2 Rd1+  1/2-1/2

[Event "Andorra Open"]
[Site "Andorra la Vella AND"]
[Date "2005.07.10"]
[Round "2"]
[White "Comas Fabrego,L"]
[Black "Fernandez Aguado,E"]
[Result "0-1"]
[WhiteElo "2513"]
[BlackElo "2356"]

1.c4 c6 2.Nf3 d5 3.e3 Nf6 4.Nc3 g6 5.d4 Bg7 6.Bd2 O-O 7.Rc1 a6 8.h3 Nbd7
9.cxd5 cxd5 10.Qb3 Ne4 11.Qxd5 Nxd2 12.Nxd2 e5 13.Be2 exd4 14.exd4 Qb6 15.Nc4 Qxd4
16.O-O Qh4 17.Nd6 Nf6 18.Qf3 Be6 19.Qxb7 Rab8 20.Qxa6 Rxb2 21.Bc4 Qf4 22.Bxe6 fxe6
23.Nde4 Nxe4 24.Qxe6+ Kh8 25.Nxe4 Be5 26.g3 Qxe4 27.Rce1 Rbxf2  0-1

[Event "16th Open"]
[Site "Ljubljana SLO"]
[Date "2005.07.10"]
[Round "2"]
[White "Jankovic,A"]
[Black "Nedimovic,L"]
[Result "1-0"]
[WhiteElo "2475"]
[BlackElo "2217"]

1.c4 c6 2.e4 d5 3.exd5 cxd5 4.cxd5 Qxd5 5.Nc3 Qd8 6.d4 Nf6 7.Nf3 e6 8.Bd3 Be7
9.O-O O-O 10.Re1 Nbd7 11.Bg5 Nd5 12.h4 Nxc3 13.bxc3 h6 14.Bf4 Re8 15.h5 Qa5
16.Ne5 Nxe5 17.Bxe5 Bf8 18.Qf3 Bd7 19.Qxb7 Qxc3 20.Be4 Rad8 21.Qxa7 Qa3 22.Qxa3 Bxa3
23.Re3 Be7 24.a4 Rc8 25.Bb7 Rc4 26.a5 f6 27.a6 fxe5 28.a7 exd4 29.Rf3 Bf6
30.a8=Q Rxa8 31.Rxa8+ Kf7 32.Be4 Ke7 33.Ra7 Kd6 34.Rb3 Rc1+ 35.Kh2 Be8 36.f4 Bc6
37.Rb6 Bd8 38.Rxc6+ Rxc6 39.Bxc6 Kxc6 40.Kg3 Bf6 41.Kf3 Kd5 42.Ra5+ Kc4 43.Ra7 e5
44.fxe5 Bxe5 45.Ke4 Bf6 46.Rc7+ Kb3 47.Rc6 Kb2 48.Rxf6 gxf6 49.Kxd4  1-0

[Event "7th Festival IM"]
[Site "Saint Lo FRA"]
[Date "2005.07.10"]
[Round "3"]
[White "Poley,V"]
[Black "Coursaget,N"]
[Result "1/2-1/2"]
[WhiteElo "2397"]
[BlackElo "2358"]

1.c4 c6 2.e4 d5 3.exd5 cxd5 4.cxd5 Nf6 5.Nc3 Nxd5 6.Nf3 Nc6 7.Bc4 e6 8.O-O Be7
9.d4 O-O 10.Re1 a6 11.a3 b5 12.Bb3 Nxc3 13.bxc3 Na5 14.Bc2 Bb7 15.h4 Bxh4
16.Nxh4 Qxh4 17.Re3 g6 18.Rh3 Qd8 19.Qd2 f5 20.Qh6 Rf7 21.Bf4 Nc4 22.Bb3 Rc8
23.Be5 Rd7 24.Re1 Bd5 25.Bxc4 Rxc4 26.Ree3 Qf8 27.Qg5 f4 28.Bxf4 Qf5 29.Qh4 Ra4
30.Bd6 Bxg2 31.Kxg2 Qd5+ 32.Ref3 Qxd6 33.Qh6 Rg7 34.Rf6 Qd5+ 35.Rhf3 Qd6
36.Qe3 Re7 37.Rf8+ Kg7 38.Qg5 e5 39.dxe5 Qe6 40.R8f4 Rxf4 41.Qxf4 Rf7 42.Qd4 Rxf3
43.Kxf3 h5  1/2-1/2

[Event "Open"]
[Site "Barbera del Valles ESP"]
[Date "2005.07.11"]
[Round "8"]
[White "Rotstein,A"]
[Black "Mirzoev,A"]
[Result "1/2-1/2"]
[WhiteElo "2520"]
[BlackElo "2550"]

1.c4 c6 2.e4 d5 3.exd5 cxd5 4.cxd5 Nf6 5.Nc3 Nxd5 6.Nf3 g6 7.Bc4 Nb6 8.Bb3 Bg7
9.d4 O-O 10.O-O Nc6 11.d5 Na5 12.Bg5 h6 13.Bf4 Bg4 14.h3 Bxf3 15.Qxf3 Nxb3
16.axb3 Nc8 17.Rfe1 Qb6 18.d6 exd6 19.Nd5 Qd8 20.Rad1 a5 21.Rc1 Nb6 22.Ne7+ Kh7
23.Qxb7 Rb8 24.Qc6 Nc8 25.Nxc8 Rxc8 26.Qd5 Rxc1 27.Rxc1 Bxb2 28.Rd1 Qf6 29.Qxd6 Qxd6
30.Rxd6 Ra8 31.Rd2 Bc3 32.Rd3 Bf6 33.Rd6 Bc3 34.Rc6 Bb2 35.Rc4 g5 36.Bc7 Ra7
37.Bb6 Ra6 38.Be3 Ra8 39.Rc7 Kg6 40.Ra7 Rb8 41.Ra6+ f6 42.Rb6 Rd8 43.Kf1 Bd4
44.Bxd4 Rxd4 45.Ke2 Rd5 46.Ke3 h5 47.g4 h4 48.f4 gxf4+ 49.Kxf4 a4 50.bxa4 Rd4+
51.Kf3  1/2-1/2

[Event "inAUTOmarket Open"]
[Site "Minsk BLR"]
[Date "2005.07.15"]
[Round "6"]
[White "Khachykian,D"]
[Black "Ginzburg,Mi"]
[Result "1-0"]
[WhiteElo "2001"]
[BlackElo "2344"]

1.c4 c6 2.Nf3 d5 3.b3 Bg4 4.Ne5 Bf5 5.Bb2 f6 6.Nf3 e5 7.g3 Bd6 8.Bg2 Ne7
9.O-O O-O 10.d3 Qd7 11.Re1 Bh3 12.Bh1 Na6 13.a3 Nc7 14.b4 Ne6 15.Nc3 d4 16.Ne4 Rad8
17.e3 dxe3 18.fxe3 c5 19.d4 exd4 20.exd4 cxd4 21.Nxd6 Qxd6 22.Nxd4 Rfe8 23.c5 Qd7
24.Nxe6 Bxe6 25.Qxd7 Bxd7 26.Bxb7 Ba4 27.Re6 Rd2 28.Rae1 Kf7 29.Bc1 Rc2 30.Bf4 Bb5
31.Bd6 Nf5 32.Rxe8 Bxe8 33.Bd5+ Kg6 34.Rxe8  1-0